| 000 | nam a22 7a 4500 | ||
|---|---|---|---|
| 999 |
_c29744 _d29744 |
||
| 008 | 180524b xxu||||| |||| 00| 0 eng d | ||
| 020 | _a0582237513 | ||
| 050 |
_aPE 1625 _b.L66 1987 |
||
| 100 | _aLongman, Green1995 | ||
| 245 |
_aLongman dictionary contempalary English/ _bInternational student edition |
||
| 250 | _a6th ed. | ||
| 260 |
_aBritain: _bLongman, _c1999. |
||
| 300 |
_ax.xviii.(1668P): _c22CM |
||
| 650 | _aEnglish Language | ||
| 942 |
_2lcc _cBOOKS _hPE 1625 .L66 1987 _k5309 |
||